| 000 | 00470nam a2200157 i 4500 | ||
|---|---|---|---|
| 001 | 168321 | ||
| 003 | ES-MaACL | ||
| 005 | 20230906213740.0 | ||
| 008 | 080311s1863 fr |||| | fre d | ||
| 100 | 1 |
_aLonlay, Eugène de. _9137467 |
|
| 245 | 1 | 0 |
_aÉloge des femmes / _c[par Eugène de Lonlay]. |
| 250 | _aNouvelle édition. | ||
| 260 |
_aParis : _b[s.n.], _c1863 ( _eSaint-Germain : _fImp. L. Toinon) |
||
| 300 |
_a64 p. ; _c15 cm. |
||
| 852 |
_aES-MaACL _jT-211--F-10 |
||
| 999 |
_c168321 _d168321 |
||